[Event "LSS WC-2009-F-00006"]
[Site "LSS email"]
[Date "2009.11.03"]
[Round "?"]
[White "Merrifield, David"]
[Black "Salzmann, Stefan"]
[Result "0-1"]
[WhiteElo "2024"]
[BlackElo "2116"]
[PlyCount "39"]
[EventDate "2009.11.08"]
[EventType "tourn (corr)"]
[EventRounds "10"]
[EventCountry "GER"]
[SourceTitle "Telechess CBM 137"]
[Source "ChessBase"]
[SourceDate "2010.07.15"]
[SourceVersion "1"]
[SourceVersionDate "2010.07.15"]
[SourceQuality "1"]

1. Nf3 Nf6 2. c4 e6 3. g3 d5 4. d4 Be7 5. Bg2 0-0 6. 0-0 dxc4 7. Qc2 a6 8. Qxc4 b5 9. Qc2 Bb7 10. Bd2 Be4 11. Qc1 Bb7 12. Bf4 Bd6 13. Nbd2 Nbd7 14. Nb3 Bd5 15. Rd1 Qe7 16. Ne5 Bxg2 17. Kxg2 Nd5 18. Na5 Rac8 19. Nac6 Qe8 20. Bd2 0-1

[Event "LSS CP-2009-P-00032"]
[Site "LSS email"]
[Date "2009.09.27"]
[Round "?"]
[White "Merrifield, David"]
[Black "Meiners, Edwin Paul"]
[Result "1/2-1/2"]
[WhiteElo "2117"]
[BlackElo "2216"]
[PlyCount "43"]
[EventDate "2009.10.01"]
[EventType "tourn (corr)"]
[EventRounds "6"]
[EventCountry "GER"]
[SourceTitle "Telechess CBM 137"]
[Source "ChessBase"]
[SourceDate "2010.07.15"]
[SourceVersion "1"]
[SourceVersionDate "2010.07.15"]
[SourceQuality "1"]

1. Nf3 g6 2. c4 Bg7 3. Nc3 c5 4. g3 Nc6 5. Bg2 d6 6. 0-0 Nf6 7. d4 cxd4 8. Nxd4 Bd7 9. Nc2 0-0 10. b3 Re8 11. Qd2 Qa5 12. Bb2 a6 13. Rfd1 Rac8 14. Na4 Qd8 15. Ne3 b5 16. Nc3 bxc4 17. Nxc4 Be6 18. Nd5 Bxd5 19. Bxd5 Nxd5 20. Bxg7 Kxg7 21. Qxd5 Qc7 22. Rac1 1/2-1/2

[Event "ZH-2009-0-00290"]
[Site "LSS email"]
[Date "2009.06.20"]
[Round "?"]
[White "Merrifield, David"]
[Black "Siger, Csaba"]
[Result "1/2-1/2"]
[WhiteElo "2123"]
[BlackElo "2079"]
[PlyCount "35"]
[EventDate "2009.06.08"]
[EventType "match (corr)"]
[EventRounds "2"]
[EventCountry "GER"]
[SourceTitle "Corr 2022"]
[Source "ChessBase"]
[SourceDate "2021.10.24"]
[SourceVersion "1"]
[SourceVersionDate "2021.10.24"]
[SourceQuality "1"]

1. Nf3 Nf6 2. c4 c5 3. g3 b6 4. Bg2 Bb7 5. 0-0 g6 6. Nc3 Bg7 7. d4 cxd4 8. Qxd4 d6 9. Be3 Nbd7 10. Rfd1 Rc8 11. Rac1 h6 12. b3 0-0 13. Qd2 h5 14. Bh6 Rc5 15. Bxg7 Kxg7 16. Nh4 Bxg2 17. Nxg2 Qc8 18. Nf4 1/2-1/2

[Event "IECG WC.2010.P.00007"]
[Site "IECG email"]
[Date "2006.06.05"]
[Round "?"]
[White "Contreras Poblete, Juan Antonio"]
[Black "Merrifield, David"]
[Result "1/2-1/2"]
[WhiteElo "2061"]
[BlackElo "1986"]
[PlyCount "83"]
[EventDate "2006.06.05"]
[EventType "tourn (corr)"]
[EventRounds "6"]
[SourceTitle "Corr 2008"]
[Source "ChessBase"]
[SourceDate "2008.06.24"]
[SourceVersion "1"]
[SourceVersionDate "2008.06.24"]
[SourceQuality "1"]

1. d4 Nf6 2. Nf3 e6 3. Bf4 b6 4. e3 Bb7 5. Nbd2 Be7 6. Bd3 Nh5 7. Bg3 d6 8. c3 Nd7 9. Qc2 c5 10. 0-0-0 h6 11. Kb1 Qc7 12. Bh4 Bxh4 13. Nxh4 cxd4 14. exd4 Nf4 15. Bf1 Rc8 16. Rg1 a6 17. Nhf3 b5 18. g3 Nd5 19. Rc1 N7f6 20. g4 Nf4 21. Re1 N6d5 22. a3 0-0 23. g5 h5 24. Nh4 b4 25. axb4 Nxb4 26. Qd1 Nbd3 27. Bxd3 Nxd3 28. Re3 Nf4 29. g6 f5 30. Ng2 Bxg2 31. Rxg2 Rb8 32. Rg5 Rfc8 33. Rf3 Qa5 34. Qc2 Nd5 35. c4 Nf6 36. Re3 Re8 37. h4 Qb6 38. Qc3 Rec8 39. Rxe6 Nd5 40. Qc2 Qxd4 41. Ka1 Rc5 42. Nb3 1/2-1/2

[Event "IECG WC.2010.P.00007"]
[Site "IECG email"]
[Date "2006.06.05"]
[Round "?"]
[White "Shields, Glen D"]
[Black "Merrifield, David"]
[Result "1-0"]
[WhiteElo "2209"]
[BlackElo "1986"]
[PlyCount "69"]
[EventDate "2006.06.05"]
[EventType "tourn (corr)"]
[EventRounds "6"]
[SourceTitle "Corr 2008"]
[Source "ChessBase"]
[SourceDate "2008.06.24"]
[SourceVersion "1"]
[SourceVersionDate "2008.06.24"]
[SourceQuality "1"]

1. e4 e6 2. d4 d5 3. Nd2 Nf6 4. e5 Nfd7 5. Bd3 c5 6. c3 Nc6 7. Ne2 cxd4 8. cxd4 f6 9. exf6 Nxf6 10. 0-0 Bd6 11. Nf3 0-0 12. Bf4 Bxf4 13. Nxf4 Ne4 14. g3 Qf6 15. h4 g5 16. hxg5 Nxg5 17. Kg2 Nxf3 18. Qxf3 Nxd4 19. Qg4+ Qg7 20. Qxg7+ Kxg7 21. Rh1 h6 22. Rae1 Rxf4 23. gxf4 Bd7 24. Rh4 Rf8 25. f3 Rf6 26. Kf2 Nc6 27. Rg1+ Kf7 28. a3 Ne7 29. b4 a6 30. Rhg4 Bc6 31. Rg7+ Kf8 32. Rh7 d4 33. Rgg7 Nd5 34. Kg3 Rxf4 35. a4 1-0

[Event "IECG OP.2006.0.00006"]
[Site "IECG email"]
[Date "2006.04.15"]
[Round "?"]
[White "Merrifield, David"]
[Black "Bernal Varela, Nelson"]
[Result "1-0"]
[WhiteElo "1986"]
[BlackElo "2190"]
[PlyCount "53"]
[EventDate "2006.04.15"]
[EventType "tourn (corr)"]
[EventRounds "6"]
[SourceTitle "Corr 2008"]
[Source "ChessBase"]
[SourceDate "2008.06.24"]
[SourceVersion "1"]
[SourceVersionDate "2008.06.24"]
[SourceQuality "1"]

1. d4 Nf6 2. c4 e6 3. Nc3 Bb4 4. e3 0-0 5. Bd3 d5 6. Nf3 c5 7. 0-0 Nc6 8. a3 Bxc3 9. bxc3 b6 10. cxd5 exd5 11. Ne5 Qc7 12. Nxc6 Qxc6 13. f3 Re8 14. a4 Qc7 15. Qe1 a5 16. e4 Bf5 17. Bb5 Bd7 18. Bxd7 Nxd7 19. e5 Qc6 20. Qd1 f6 21. f4 Rf8 22. Rb1 Rae8 23. Rb2 Rf7 24. Rff2 Ref8 25. Rbd2 fxe5 26. dxe5 Qe6 27. Rxd5 1-0

[Event "IECG OP.2006.0.00006"]
[Site "IECG email"]
[Date "2006.04.15"]
[Round "?"]
[White "Merrifield, David"]
[Black "Peled, Shai"]
[Result "1-0"]
[WhiteElo "1986"]
[BlackElo "1643"]
[PlyCount "95"]
[EventDate "2006.04.15"]
[EventType "tourn (corr)"]
[EventRounds "6"]
[SourceTitle "Corr 2008"]
[Source "ChessBase"]
[SourceDate "2008.06.24"]
[SourceVersion "1"]
[SourceVersionDate "2008.06.24"]
[SourceQuality "1"]

1. d4 f5 2. g3 Nf6 3. Bg2 g6 4. Nf3 Bg7 5. 0-0 0-0 6. c4 Nc6 7. d5 Na5 8. Qd3 e5 9. Nxe5 Qe8 10. Nf3 Ne4 11. Na3 a6 12. Rb1 c5 13. Ng5 d6 14. Nxe4 fxe4 15. Bxe4 b6 16. Bg2 Bd7 17. Bd2 Qe7 18. e4 h5 19. f4 h4 20. Bc3 h3 21. Bh1 Rae8 22. Rbe1 Bxc3 23. Qxc3 Nb7 24. e5 dxe5 25. fxe5 Rxf1+ 26. Kxf1 Rf8+ 27. Kg1 Bg4 28. Nc2 Qg5 29. Qe3 Qh5 30. e6 Qf5 31. Be4 Qf6 32. Bd3 Bf5 33. Bxf5 gxf5 34. Qe5 Qxe5 35. Rxe5 f4 36. e7 Re8 37. gxf4 Kf7 38. Ne3 Rxe7 39. Rxe7+ Kxe7 40. Kf2 b5 41. Kg3 Nd6 42. cxb5 axb5 43. Kxh3 c4 44. a3 Ne4 45. Kg4 Kf6 46. h4 c3 47. bxc3 Nxc3 48. f5 1-0

[Event "CFriend RI-2005-0-00042 email"]
[Site "Chessfriend.com"]
[Date "2005.10.13"]
[Round "1"]
[White "Merrifield, David"]
[Black "Muller, Henry"]
[Result "1-0"]
[WhiteElo "1980"]
[BlackElo "1700"]
[PlyCount "109"]
[EventDate "2005.10.13"]
[EventType "tourn (corr)"]
[EventRounds "6"]
[SourceTitle "Corr 2008"]
[Source "ChessBase"]
[SourceDate "2008.06.24"]
[SourceVersion "1"]
[SourceVersionDate "2008.06.24"]
[SourceQuality "1"]

1. d4 Nf6 2. c4 e6 3. Nc3 d5 4. Nf3 Nbd7 5. Bg5 Be7 6. e3 0-0 7. Rc1 c6 8. Bd3 dxc4 9. Bxc4 Nd5 10. Bxe7 Qxe7 11. Ne4 N5f6 12. Nxf6+ Qxf6 13. 0-0 e5 14. e4 exd4 15. Qxd4 Qxd4 16. Nxd4 Re8 17. Nf5 Ne5 18. Nd6 Rd8 19. Rfd1 Nxc4 20. Nxc4 Be6 21. Na5 Rab8 22. Rxd8+ Rxd8 23. Nxb7 Rb8 24. Rd1 Bxa2 25. Rd8+ Rxd8 26. Nxd8 c5 27. Nb7 c4 28. f4 Bb1 29. e5 Kf8 30. Na5 Bd3 31. Kf2 f6 32. exf6 gxf6 33. Ke3 Ke7 34. Kd4 Bf1 35. g3 Ke6 36. Nxc4 h5 37. Ne3 Bb5 38. b4 Bc6 39. f5+ Kd6 40. Nc4+ Kd7 41. Kc5 Be4 42. Ne3 Ke7 43. b5 Kf7 44. Nc4 Ke7 45. Nd6 Bd3 46. Nc8+ Kd7 47. Nxa7 Bxf5 48. b6 Be4 49. Nb5 f5 50. Nd6 Bd3 51. Kd5 Bc2 52. Ke5 Kc6 53. b7 Kc7 54. Kf4 Bd3 55. Kg5 1-0

[Event "CFriend RI-2005-0-00042 email"]
[Site "Chessfriend.com"]
[Date "2005.10.13"]
[Round "1"]
[White "Prieto, Carlos"]
[Black "Merrifield, David"]
[Result "1/2-1/2"]
[WhiteElo "1897"]
[BlackElo "1980"]
[PlyCount "50"]
[EventDate "2005.10.13"]
[EventType "tourn (corr)"]
[EventRounds "6"]
[SourceTitle "Corr 2008"]
[Source "ChessBase"]
[SourceDate "2008.06.24"]
[SourceVersion "1"]
[SourceVersionDate "2008.06.24"]
[SourceQuality "1"]

1. e4 e6 2. d4 d5 3. Nd2 c5 4. exd5 exd5 5. Ngf3 Nf6 6. Bb5+ Bd7 7. Bxd7+ Nbxd7 8. 0-0 Be7 9. dxc5 Nxc5 10. Nb3 Nce4 11. Nfd4 Qd7 12. f3 Nd6 13. Nc5 Qc7 14. Nd3 0-0 15. b3 Rac8 16. Be3 Rfe8 17. Qd2 Bd8 18. a4 Qa5 19. Qf2 Bb6 20. b4 Qa6 21. a5 Bxd4 22. Bxd4 Nb5 23. Rfe1 Nxd4 24. Qxd4 Rxe1+ 25. Rxe1 h6 1/2-1/2

[Event "CFriend SH-2005-0-00030 email"]
[Site "Chessfriend.com"]
[Date "2005.03.11"]
[Round "1"]
[White "Andersen, Lars Kirstein"]
[Black "Merrifield, David"]
[Result "1/2-1/2"]
[WhiteElo "2121"]
[BlackElo "1981"]
[PlyCount "39"]
[EventDate "2005.03.11"]
[EventType "tourn (corr)"]
[EventRounds "6"]
[SourceTitle "Corr 2008"]
[Source "ChessBase"]
[SourceDate "2008.06.24"]
[SourceVersion "1"]
[SourceVersionDate "2008.06.24"]
[SourceQuality "1"]

1. d4 Nf6 2. c4 e6 3. Nc3 Bb4 4. e3 c5 5. Nge2 b6 6. a3 Ba5 7. Rb1 Na6 8. Bd2 0-0 9. Nf4 cxd4 10. exd4 Bxc3 11. Bxc3 d5 12. cxd5 Nxd5 13. Nxd5 Qxd5 14. f3 Nc7 15. Bd3 Qh5 16. Qe2 Nd5 17. Bd2 Qh4+ 18. Qf2 Qf6 19. 0-0 Nf4 20. Be4 1/2-1/2

[Event "CFriend SI-2004-0-00018 email"]
[Site "Chessfriend.com"]
[Date "2004.03.27"]
[Round "?"]
[White "Merrifield, David"]
[Black "Starace, Umberto"]
[Result "1-0"]
[WhiteElo "1906"]
[BlackElo "1783"]
[PlyCount "79"]
[EventDate "2004.??.??"]
[EventType "tourn (corr)"]
[EventRounds "8"]
[SourceTitle "Corr 2008"]
[Source "ChessBase"]
[SourceDate "2008.06.24"]
[SourceVersion "1"]
[SourceVersionDate "2008.06.24"]
[SourceQuality "1"]

1. d4 Nf6 2. c4 e6 3. Nf3 d5 4. Nc3 Be7 5. Bg5 0-0 6. e3 Nbd7 7. Rc1 c6 8. Bd3 dxc4 9. Bxc4 Nd5 10. Bxe7 Qxe7 11. 0-0 Nxc3 12. Rxc3 e5 13. Qc2 exd4 14. exd4 Nb6 15. Re3 Qd8 16. Bb3 Nd5 17. Bxd5 Qxd5 18. Rfe1 Qxa2 19. Ng5 g6 20. Qc3 Qd5 21. Ne4 f6 22. Qa3 Qxd4 23. Nd6 a5 24. Re7 b5 25. Qb3+ Kh8 26. Nf7+ Kg8 27. h4 Ra7 28. Nd6+ Kh8 29. Nxc8 a4 30. Qe6 Rxe7 31. Qxe7 Qd8 32. Nd6 Qxe7 33. Rxe7 h5 34. Rc7 Kg8 35. Rxc6 b4 36. Ra6 Rd8 37. g3 g5 38. hxg5 fxg5 39. Ne4 Rd1+ 40. Kg2 1-0

[Event "CFriend SI-2004-0-00018 email"]
[Site "Chessfriend.com"]
[Date "2004.03.27"]
[Round "?"]
[White "Stadler, Pavel"]
[Black "Merrifield, David"]
[Result "1/2-1/2"]
[WhiteElo "1567"]
[BlackElo "1914"]
[PlyCount "40"]
[EventDate "2004.??.??"]
[EventType "tourn (corr)"]
[EventRounds "8"]
[SourceTitle "Corr 2008"]
[Source "ChessBase"]
[SourceDate "2008.06.24"]
[SourceVersion "1"]
[SourceVersionDate "2008.06.24"]
[SourceQuality "1"]

1. d4 Nf6 2. c4 e6 3. Nc3 Bb4 4. Qc2 0-0 5. Nf3 c5 6. e3 b6 7. Be2 Bb7 8. 0-0 cxd4 9. exd4 d5 10. a3 Be7 11. cxd5 Nxd5 12. Ne5 Nc6 13. Nxd5 Qxd5 14. Nxc6 Qxc6 15. Qxc6 Bxc6 16. Be3 Bb7 17. Rac1 Rac8 18. Rxc8 Rxc8 19. Rc1 Rxc1+ 20. Bxc1 a6 1/2-1/2

[Event "CFriend SI-2003-0-00001 email"]
[Site "Chessfriend.com"]
[Date "2003.01.14"]
[Round "?"]
[White "Grkinic, Goran"]
[Black "Merrifield, David"]
[Result "1/2-1/2"]
[WhiteElo "1851"]
[BlackElo "1900"]
[PlyCount "56"]
[EventDate "2003.??.??"]
[EventType "tourn (corr)"]
[EventRounds "8"]
[SourceTitle "Corr 2008"]
[Source "ChessBase"]
[SourceDate "2008.06.24"]
[SourceVersion "1"]
[SourceVersionDate "2008.06.24"]
[SourceQuality "1"]

1. d4 Nf6 2. c4 e6 3. Nf3 d5 4. Bg5 Bb4+ 5. Nc3 Nbd7 6. e3 c5 7. cxd5 exd5 8. Bd3 Qa5 9. Qc2 c4 10. Bf5 0-0 11. 0-0 Re8 12. Nd2 g6 13. Bxd7 Nxd7 14. f3 Bf8 15. Rae1 Bg7 16. b4 Qxb4 17. Nxd5 Qa5 18. e4 Bxd4+ 19. Be3 Bxe3+ 20. Rxe3 b5 21. Qb2 a6 22. Rd1 Re6 23. f4 Bb7 24. Nxc4 Qa4 25. Rd4 bxc4 26. Qxb7 Rb8 27. Nc3 Rxb7 28. Nxa4 Rc6 1/2-1/2

[Event "CFriend SI-2003-0-00001 email"]
[Site "Chessfriend.com"]
[Date "2003.01.14"]
[Round "?"]
[White "Merrifield, David"]
[Black "Kurpnieks, Vairis"]
[Result "1-0"]
[WhiteElo "1900"]
[BlackElo "1767"]
[PlyCount "45"]
[EventDate "2003.??.??"]
[EventType "tourn (corr)"]
[EventRounds "8"]
[SourceTitle "Corr 2008"]
[Source "ChessBase"]
[SourceDate "2008.06.24"]
[SourceVersion "1"]
[SourceVersionDate "2008.06.24"]
[SourceQuality "1"]

1. d4 d5 2. c4 dxc4 3. e3 a6 4. Bxc4 e6 5. Nf3 b5 6. Bd3 Bb7 7. 0-0 c5 8. a4 c4 9. Be2 Bd6 10. b3 Qc7 11. bxc4 bxc4 12. Ba3 Nf6 13. Bxd6 Qxd6 14. Ne5 Nc6 15. Nxc4 Qc7 16. Nbd2 0-0 17. Rc1 Rfc8 18. Nb3 Rcb8 19. Nc5 Ra7 20. Nxb7 Qxb7 21. Bf3 Qd7 22. Bxc6 Qxc6 23. Na5 1-0

[Event "IECG CB.2002.0.00043 email"]
[Site "IECG email"]
[Date "2002.05.28"]
[Round "?"]
[White "Draba, Henryk"]
[Black "Merrifield, David"]
[Result "0-1"]
[WhiteElo "1895"]
[BlackElo "1887"]
[PlyCount "167"]
[EventDate "2002.05.28"]
[EventType "tourn (corr)"]
[EventRounds "6"]
[SourceTitle "Corr 2008"]
[Source "ChessBase"]
[SourceDate "2008.06.24"]
[SourceVersion "1"]
[SourceVersionDate "2008.06.24"]
[SourceQuality "1"]

1. e4 c5 2. Nf3 Nc6 3. d4 cxd4 4. Nxd4 Nf6 5. Nc3 e5 6. Ndb5 d6 7. Bg5 a6 8. Na3 b5 9. Bxf6 gxf6 10. Nd5 Bg7 11. c3 f5 12. exf5 Bxf5 13. Nc2 0-0 14. Nce3 Be6 15. Bd3 Bxd5 16. Nxd5 e4 17. Bc2 Qh4 18. 0-0 Ne5 19. Ne3 Rae8 20. Nf5 Qf4 21. Nxg7 Kxg7 22. Qd4 f6 23. a4 Ng4 24. g3 Qe5 25. Qxe5 Rxe5 26. h3 Nh6 27. Rfe1 f5 28. Re2 Nf7 29. Bb3 Ng5 30. Kg2 f4 31. gxf4 Rxf4 32. axb5 Rf6 33. bxa6 Rg6 34. Rh1 Nf3+ 35. Kf1 Ra5 36. Re3 Nd2+ 37. Ke2 Nxb3 38. Rxe4 Rxa6 39. Re7+ Kh6 40. Ke3 Ra2 41. Rb1 Rf6 42. f4 Nc5 43. b4 Na4 44. Rc7 Rh2 45. Rf1 Rxh3+ 46. Rf3 Rxf3+ 47. Kxf3 Kg6 48. c4 h6 49. b5 Kf5 50. Rc6 Nc5 51. b6 h5 52. Rc7 Rf8 53. Rh7 Kg6 54. Rc7 Ne6 55. Re7 Nxf4 56. Ke4 h4 57. b7 h3 58. b8Q Rxb8 59. Kxf4 h2 60. Re1 Rh8 61. Rh1 Kf6 62. Kg4 Ke5 63. Kg3 Kd4 64. Kg2 Kxc4 65. Rc1+ Kb3 66. Kh1 d5 67. Rd1 Rh5 68. Rb1+ Kc2 69. Rb5 Re5 70. Kxh2 Re2+ 71. Kg3 d4 72. Rc5+ Kd2 73. Kf3 Re3+ 74. Kf2 Re8 75. Rc7 d3 76. Rd7 Kc2 77. Rc7+ Kd1 78. Rd7 d2 79. Rc7 Rf8+ 80. Kg2 Rf5 81. Rc8 Ke2 82. Re8+ Kd3 83. Rd8+ Ke3 84. Re8+ 0-1

[Event "IECG CP.2000.Q.00002"]
[Site "IECG email"]
[Date "2001.10.01"]
[Round "?"]
[White "Bassi, Giancarlo"]
[Black "Merrifield, David"]
[Result "0-1"]
[WhiteElo "2046"]
[BlackElo "1550"]
[PlyCount "70"]
[EventDate "2001.10.01"]
[EventType "tourn (corr)"]
[EventRounds "6"]
[SourceTitle "Corr 2008"]
[Source "ChessBase"]
[SourceDate "2008.06.24"]
[SourceVersion "1"]
[SourceVersionDate "2008.06.24"]
[SourceQuality "1"]

1. e4 c5 2. Nf3 Nc6 3. d4 cxd4 4. Nxd4 g6 5. Be3 Bg7 6. Nxc6 bxc6 7. Bd4 e5 8. Bc5 Bf8 9. Bxf8 Kxf8 10. Nc3 Qe7 11. Bc4 Nf6 12. Bb3 Rb8 13. Qd2 Kg7 14. 0-0-0 Rd8 15. h4 d6 16. f3 Nh5 17. Qg5 Qc7 18. Ne2 h6 19. Qe3 Ba6 20. Rhe1 Qb7 21. Qc3 Qb6 22. Kb1 Qf2 23. Nc1 Nf4 24. Qxc6 Nxg2 25. Rg1 Ne3 26. Qc7 Rxb3 27. Nxb3 Rd7 28. Qc3 Nxd1 29. Rxd1 Be2 30. Qd2 Qxf3 31. Re1 Bb5 32. Qb4 Qf2 33. Rd1 Bc6 34. a4 Qxh4 35. Rxd6 Qe7 0-1